000 00731nam a2200241 a 4500
999 _c1783
_d1783
007 ta
008 200117t2000 xxuad||g |||| 00| 0 eng d
020 _a9780821347348
040 _aKO
_beng
041 0 _aeng
044 _axxu
082 0 4 _223
_a338.47665730951
_bG442
245 1 0 _aLiquefied Natural Gas in China :
_bOptions For Markets, Institutions, and Finance /
_cDean Girdis...[et al.]
260 _aWashington , D. C. :
_bThe World Bank ,
_c2000 .
300 _axviii , 75 p. :
_bill., Charts. ;
_c28 cm .
650 0 _aLiquefied natural gas
_xChina
_vTextbooks
700 _aGirdis, Dean
_eaut
700 _aTavoulareas, Stratos
_eaut
700 _aTomkins, Ray
_eaut
904 _aReshma_R
942 _cRT